• 首页
  • 本馆介绍
  • 公告通知
  • 最新文献
  • 馆藏检索
  • 电子资源
  • 读者导购
  • 参考咨询
  • 我的图书馆
  • 登录
  • 详细信息显示
  • 放入我的书架
  • 预约/预借图书
  • 作者相关作品
  • 分类相关作品
  • 丛书相关作品
  • 出版社相关作品

书目信息

  • 表格格式
  • 工作单格式
  • 卡片格式
题名:
当代教育心理学
    
 
作者: 陈琦 , 刘儒德 主编
分册:  
出版信息: 北京   北京师范大学出版社  1997
页数: 405页
开本: 20cm
丛书名:
单 册:
中图分类: G44
科图分类: 38.14
主题词: 教育心理学
电子资源:
ISBN: 7-303-04226-1
000 00621nam0 2200229 45
001 1534427842
005 20150128155119.15
010    @a7-303-04226-1@dCNY26.00
100    @a19971223d1997 em y0chiy0121 ea
101 0  @achi
102    @aCN@b110000
105    @ay z 000yy
200 10 @a当代教育心理学@Adang dai jiao yu xin li xue@f陈琦,刘儒德主编
210    @a北京@c北京师范大学出版社@d1997
215    @a405页@d20cm
606    @a教育心理学
690    @aG44@v3
692    @a38.14@v2
701  0 @a陈琦@Achen qi@4主编
701  0 @a刘儒德@Aliu ru de@4主编
801  0 @aCN@bTSSF@c20150128
905    @aZUCC@dG44@eJY1=2
    
    当代教育心理学/陈琦,刘儒德主编.-北京:北京师范大学出版社,1997
    405页;20cm
    
    
    ISBN 7-303-04226-1:CNY26.00
    
●
相关链接 在E读中查询图书 在五车中查询图书 在当当中查询图书 在豆瓣中查询图书


正题名:当代教育心理学     索取号:G44/JY1=2         预约/预借

序号 登录号 条形码 馆藏地/架位号 状态 备注
1 7846241   278462414   学院路分馆/ [索取号:G44/JY1=2] 在馆    
2 7846242   278462423   学院路分馆/ [索取号:G44/JY1=2] 在馆    
3 7846243   278462432   学院路分馆/ [索取号:G44/JY1=2] 在馆    
4 7851826   278518267   学院路分馆/ [索取号:G44/JY1=2] 在馆    
5 7861213   278612137   学院路分馆/ [索取号:G44/JY1=2] 在馆    
欢迎您!
大连网信软件有限公司© 版权所有